A feast in Middle East but working West is best (Record no. 83841)
[ view plain ]
| 000 -LEADER | |
|---|---|
| fixed length control field | 01691cab a22002415a 4500 |
| 001 - CONTROL NUMBER | |
| control field | L155256 |
| 008 - FIXED-LENGTH DATA ELEMENTS--GENERAL INFORMATION | |
| fixed length control field | 120313e2012 xxk 000 0 eng d |
| 035 ## - SYSTEM CONTROL NUMBER | |
| System control number | (Sirsi) u155256 |
| 041 0# - LANGUAGE CODE | |
| Language code of text/sound track or separate title | eng |
| 100 1# - MAIN ENTRY--PERSONAL NAME | |
| Personal name | Townsend, Sarah |
| 245 02 - TITLE STATEMENT | |
| Title | A feast in Middle East but working West is best |
| 260 ## - PUBLICATION, DISTRIBUTION, ETC. | |
| Date of publication, distribution, etc. | 2012 |
| 490 #0 - SERIES STATEMENT | |
| Series statement | Property Week International |
| Volume/sequential designation | 78(09) 2 March 2012, 91-93(2) |
| 520 ## - SUMMARY, ETC. | |
| Summary, etc. | Summarises the findings of the latest suite of RICS and Macdonald & Company's rewards and attitudes, comparing how surveyors fared in Europe, Asia, the Middle East, and the UK. Property companies in the Middle East are still paying out the highest salaries. The Eurozone crisis did not affect wages in Europe as much as expected. Despite significant market growth in Asia average salaries dropped in 2011. Job satisfaction among UK property professionals is high despite earning less than their counterparts in the other regions. |
| 590 ## - LOCAL NOTE (RLIN) | |
| Local note | KA |
| 651 #4 - SUBJECT ADDED ENTRY--GEOGRAPHIC NAME | |
| Geographic name | International |
| 690 ## - LOCAL SUBJECT ADDED ENTRY--TOPICAL TERM (OCLC, RLIN) | |
| Topical term or geographic name as entry element | Business and management |
| 856 40 - ELECTRONIC LOCATION AND ACCESS | |
| Uniform Resource Identifier | <a href="https://www.macdonaldandcompany.com/document_uploaded/UK_Executive_Summary_2012.pdf">https://www.macdonaldandcompany.com/document_uploaded/UK_Executive_Summary_2012.pdf</a> |
| Public note | View the 2012 UK survey (summary) at www.macdonaldandcompany.com |
| 856 40 - ELECTRONIC LOCATION AND ACCESS | |
| Uniform Resource Identifier | <a href="https://www.macdonaldandcompany.com/document_uploaded/EU_Executive_Summary_2012.pdf">https://www.macdonaldandcompany.com/document_uploaded/EU_Executive_Summary_2012.pdf</a> |
| Public note | View the 2012 Europe survey(summary) at www.macdonaldandcompany.com |
| 856 40 - ELECTRONIC LOCATION AND ACCESS | |
| Uniform Resource Identifier | <a href="https://www.macdonaldandcompany.com/document_uploaded/ME_SalSurv_2011.PDF">https://www.macdonaldandcompany.com/document_uploaded/ME_SalSurv_2011.PDF</a> |
| Public note | View the 2011 Middle East survey(summary) at www.macdonaldandcompany.com |
| 856 40 - ELECTRONIC LOCATION AND ACCESS | |
| Uniform Resource Identifier | <a href="https://www.macdonaldandcompany.com/document_uploaded/Asia_SalarySurvey2011_V3.PDF">https://www.macdonaldandcompany.com/document_uploaded/Asia_SalarySurvey2011_V3.PDF</a> |
| Public note | View the 2011 Asia survey (summary) at www.macdonaldandcompany.com |
| 942 ## - ADDED ENTRY ELEMENTS (KOHA) | |
| Suppress in OPAC | 0 |
| Withdrawn status | Lost status | Source of classification or shelving scheme | Damaged status | Not for loan | Home library | Current library | Shelving location | Date acquired | Total Checkouts | Full call number | Barcode | Date last seen | Copy number | Price effective from | Koha item type |
|---|---|---|---|---|---|---|---|---|---|---|---|---|---|---|---|
| Dewey Decimal Classification | London | London | Journal article | 13/03/2012 | L155256 | 155256-1001 | 06/08/2019 | 1 | 06/08/2019 | Journal article |